000 00280nam a2200133Ia 4500
008 100328s9999 xx 000 0 und d
082 _b56339
100 _aCreamer Howard
245 _aBabe
260 _bSimon & Schuster
630 _aBabe
730 _aBabe
942 _cBOOK
999 _c542915
_d542912